Vedecké práce Výskumného ústavu lesného hospodárstva v Banskej Štiavnici

Bibliographic Details
New Title:Vedecké práce Výskumného ústavu lesného hospodárstva vo Zvolene
Format: Serial
Language:Slovak
German
Russian
Published: Banská Štiavnica Výskumný ústav lesného hospodárstva 1960-1965
Bratislava Ústav vedeckotechnických informácií MZLVH
Subjects:

MARC

LEADER 00000cas a2200000 a 4500
001 vtls008319556
003 SK-MaSNL
005 20260228155830.0
008 150701d19601965xo ar| 0 b0slo
015 |a SNBA1964/02-00348-(4/1963)  |a SNBA1964/11-02456-(5/1964)  |a SNBA1965/10-02336-(6/1965) 
035 |a SK01SNK19640011773 
035 |a SKM000014236 
040 |a SNK  |b slo  |c SNK  |e AACR2 
041 0 |a slo  |a ger  |a rus  |b ger  |b rus 
043 |a e-xo--- 
044 |a xo  |c SK 
072 7 |a 630  |x Lesníctvo  |2 konspekt 
072 7 |a 00  |x Veda. Všeobecnosti. Základy vedy a kultúry. Vedecká práca  |2 konspekt 
080 |a 630  |2 2001 
080 |a (082)  |2 2001 
080 |a 050  |2 2001 
080 |a (437.6)  |2 2001 
080 |a 001.81/.87  |2 2001 
245 0 0 |a Vedecké práce Výskumného ústavu lesného hospodárstva v Banskej Štiavnici 
260 |a Banská Štiavnica  |b Výskumný ústav lesného hospodárstva  |c 1960-1965 
260 3 |3 4/1963-5/1965  |a Bratislava  |b Ústav vedeckotechnických informácií MZLVH 
300 |a 6 zv.  |c 23 cm 
310 |a 1x ročne 
362 0 |a 1 (1960)-6 (1965) 
500 |a Zost. kol. autorov 
500 |a Vydavateľ: zv. 1/1960, od zv. 4/1963-6/1965 Slovenské vydavateľstvo pôdohospodárskej literatúry v Bratislave ; od zv. 2/1961-3/1962 Slovenská akadémia vied v Bratislave 
504 |a Bibliogr. odkazy 
546 |a Čiast. text v nem. a ruš.; Res. nem. a rus. 
650 0 7 |a lesníctvo  |2 SNKPH  |9 1255 
650 0 7 |a lesné hospodárstvo  |2 SNKPH  |9 1256 
650 0 7 |a vedecké práce  |2 SNKPH  |9 62155 
651 7 |a Slovensko  |2 SNKPH 
655 7 |a zborníky  |2 SNKPH  |9 70165 
785 0 0 |t Vedecké práce Výskumného ústavu lesného hospodárstva vo Zvolene  |x 0375-4936  |w vtls008347080 
910 |a snk 
916 |a 1960-1965 
958 |a NB 
999 |c 697  |d 697 
952 |0 0  |1 0  |4 0  |7 0  |a SNK  |b SNK  |d 2010-01-07  |i snkKSP 4108/63  |l 0  |o snkČSC 973/2/1961 D1  |p 17A0636949  |r 2026-02-21 19:31:23  |w 2026-02-21  |y PREZ 
952 |0 0  |1 0  |4 0  |7 0  |a SNK  |b SNK  |d 2006-08-02  |i snkKSP 4740/65  |l 0  |o snkČSC 973/6/1965 D1  |p 17A0515871  |r 2026-02-21 20:13:00  |w 2026-02-21  |y PREZ 
952 |0 0  |1 0  |3 rekatalogizácia  |4 0  |7 0  |a SNK  |b SNK  |d 2008-06-17  |i snkKSP 418/64  |l 0  |o snkČSC 973/4/1963 D1  |p 17A0588687  |r 2026-02-21 21:22:53  |w 2026-02-21  |y PREZ 
952 |0 0  |1 0  |3 rekatalogizácia  |4 0  |7 0  |a SNK  |b SNK  |d 2008-06-17  |i snkKSP 4956/64  |l 0  |o snkČSC 973/5/1964 D1  |p 17A0588686  |r 2026-02-21 21:23:02  |w 2026-02-21  |y PREZ 
952 |0 0  |1 0  |4 0  |7 0  |a SNK  |b SNK  |d 2008-07-18  |f 1  |i snkČSP 1784/61  |l 0  |o snkČSC 973/1/1960  |p 17A0594556  |r 2026-02-21 21:29:56  |w 2026-02-21  |y PREZ 
952 |0 0  |1 0  |4 0  |7 0  |a SNK  |b SNK  |d 2008-07-18  |f 1  |i snkKSP 4107/63  |l 0  |o snkČSC 973/2/1961  |p 17A0594667  |r 2026-02-21 21:29:57  |w 2026-02-21  |y PREZ 
952 |0 0  |1 0  |4 0  |7 0  |8 1  |a SNK  |b SNK  |d 2008-07-18  |f 1  |i snkD 451/84  |l 0  |o snkČSC 973/3/1962  |p 17A0594666  |r 2026-02-21 21:29:57  |w 2026-02-21  |y PREZ 
952 |0 0  |1 0  |4 0  |7 0  |a SNK  |b SNK  |d 2008-07-18  |f 1  |i snkKSP 417/64  |l 0  |o snkČSC 973/4/1963  |p 17A0594665  |r 2026-02-21 21:29:57  |w 2026-02-21  |y PREZ 
952 |0 0  |1 0  |4 0  |7 0  |a SNK  |b SNK  |d 2008-07-18  |f 1  |i snkKSP 4955/64  |l 0  |o snkČSC 973/5/1964  |p 17A0594664  |r 2026-02-21 21:29:57  |w 2026-02-21  |y PREZ 
952 |0 0  |1 0  |4 0  |7 0  |a SNK  |b SNK  |d 2008-07-18  |f 1  |i snkKSP 4739/65  |l 0  |o snkČSC 973/6/1965  |p 17A0594663  |r 2026-02-21 21:29:57  |w 2026-02-21  |y PREZ